Normal view
MARC view
- الجاسوسية- الحرب العالمية الثانية
Entry Topical Term
001 - CONTROL NUMBER
- control field: 57234
003 - CONTROL NUMBER IDENTIFIER
- control field: JO-AjAnu
005 - DATE AND TIME OF LATEST TRANSACTION
- control field: 20230606083356.0
008 - FIXED-LENGTH DATA ELEMENTS
- fixed length control field: 230606|| aca||aabn | a|a d
040 ## - CATALOGING SOURCE
- Original cataloging agency: JO-AjAnu
- Transcribing agency: JO-AjAnu
150 ## - HEADING--TOPICAL TERM
- Topical term or geographic name entry element: الجاسوسية- الحرب العالمية الثانية
670 ## - SOURCE DATA FOUND
- Source citation: Work cat.: (JO-AjAnu)29202: د.م, author 57233, كواليس الحرب السرية: قصص لم تنشر عن الجاسوسية في الحرب العالمية الثانية